000 00566nam a2200205 i 4500
001 42119
003 ES-MaACL
005 20230906160542.0
007 t|
008 030312s1958 sp ||||1| spa d
100 1 _aCastanys, Valentín.
_936401
245 1 3 _aEl mundo en zapatillas /
_cValentín Castanys.
250 _a1ª ed.
260 _aBarcelona :
_bDestino,
_c[1958] (
_fClarasó)
300 _a326 p. :
_bil. ;
_c22 cm.
490 1 _aSer o no ser
830 0 _aSer o no ser
_9181425
852 _aES-MaACL
_jC-14465
_bR.42340
999 _c42119
_d42119